000 01444nam a2200337Ia 4500
003 GCL
008 140319s9999 xx 000 0 ara d
020 _a3120414977
040 _aGCL /
_cGCL
082 0 4 _aق
_b932.023
_bا م
100 1 _aراشد محمد نوير
245 1 0 _aمصر فى العصر العتيق الاسرتان الاولى والثانية /
_cراشد محمد نوير
700 1 _aمحمد على كمال الدين (مترجم)
700 1 _aعبدالمنعم ابوبكر
700 1 _aامرى ، والتر . ب
250 _aالاولى
260 _aالقاهرة :
_bدار نهضة مصر للطبع والنشر ،
_c1967
300 _a256 ص ؛
_c24 سم
490 _aالالف كتاب
_v603
650 0 4 _aالحضارة الفرعونية
650 0 4 _aمصر القديمة - تاريخ - الدولة الوسطى ( 2260-1580 ق. م )
650 0 4 _aمصر - تاريخ - الاسرة الاولى
650 0 4 _aمصر - تاريخ - الاسرة الثانية
650 0 4 _aمصر القديمة - تاريخ - الديانة
650 0 4 _aمصر القديمة - تاريخ - الفن
650 0 4 _aمصر القديمة - تاريخ - اللغة
650 0 4 _aمصر القديمة - تاريخ - التجارة
650 0 4 _aمصر القديمة - تاريخ - الصناعة
650 0 4 _aمصر القديمة - تاريخ - الزراعة
942 _2ddc
_cBK
999 _c36410
_d36410